[Event "COL-ch sf"]
[Site "Pereira"]
[Date "2024.03.31"]
[Round "10"]
[White "Campos Gomez, Manuel"]
[Black "Torres, Juan Camilo"]
[Result "1-0"]
[WhiteElo "2281"]
[BlackElo "2297"]
[PlyCount "51"]
[EventDate "2024.03.26"]
[EventType "swiss"]
[EventRounds "11"]
[EventCountry "COL"]
[SourceTitle "CB14_2024"]
[SourceDate "2024.04.01"]
[SourceVersion "1"]
[SourceVersionDate "2024.04.01"]
[SourceQuality "1"]

1. e4 c5 2. Nf3 e6 3. d4 cxd4 4. Nxd4 a6 5. Nc3 Qc7 6. Bd3 Nf6 7. f4 d6 8. g4 Nc6 9. Nxc6 Qxc6 10. g5 Nd7 11. Be3 b5 12. Rf1 Nc5 13. a3 Rb8 14. Qd2 a5 15. Ne2 b4 16. Nd4 Qb7 17. axb4 axb4 18. f5 e5 19. Nb3 Bd7 20. Nxc5 dxc5 21. Bc4 Bc6 22. g6 hxg6 23. fxg6 fxg6 24. Bg5 Rh5 25. Rxf8+ Kxf8 26. Qd6+ 1-0

[Event "COL-ch sf"]
[Site "Pereira"]
[Date "2024.03.28"]
[Round "5"]
[White "Cordoba Roa, Angel Gabriel"]
[Black "Campos Gomez, Manuel"]
[Result "1-0"]
[WhiteElo "2312"]
[BlackElo "2281"]
[PlyCount "157"]
[EventDate "2024.03.26"]
[EventType "swiss"]
[EventRounds "11"]
[EventCountry "COL"]
[SourceTitle "CB14_2024"]
[SourceDate "2024.04.01"]
[SourceVersion "1"]
[SourceVersionDate "2024.04.01"]
[SourceQuality "1"]

1. e4 e6 2. d4 d5 3. Nc3 Nf6 4. Bg5 dxe4 5. Nxe4 Be7 6. Bxf6 gxf6 7. Nc3 f5 8. Qd3 a6 9. 0-0-0 Qd6 10. g3 Bf6 11. Bg2 0-0 12. Nge2 c5 13. d5 e5 14. g4 Bg5+ 15. Kb1 Bf6 16. Kc1 Bg5+ 17. Kb1 c4 18. Qg3 f4 19. Qf3 Bh4 20. Ne4 Qg6 21. Bh3 Nd7 22. g5 Kh8 23. Rhg1 h6 24. Nxf4 exf4 25. Qxf4 Nc5 26. Nxc5 Bxg5 27. Qd4+ Bf6 28. Qe3 Qh5 29. Bxc8 Rfxc8 30. Ne4 Bg7 31. Nd6 Rd8 32. Qe7 Rf8 33. Qe4 Rad8 34. Nf5 Bf6 35. Qg4 Qg6 36. Qxg6 fxg6 37. Nxh6 Bg7 38. Ng4 Rd6 39. Rge1 Rfd8 40. Ne5 Kg8 41. Nxc4 Rxd5 42. Rxd5 Rxd5 43. Ne3 Rb5 44. b3 Rh5 45. Ng4 Rf5 46. c4 Rf4 47. h3 Bd4 48. Re8+ Kf7 49. Rb8 b6 50. b4 Ke6 51. Re8+ Kd7 52. Rg8 Rf3 53. Rxg6 Rxh3 54. Nf6+ Kc7 55. Nd5+ Kb7 56. f4 Rh2 57. a3 Rh3 58. Ka2 Rh2+ 59. Kb1 Rh3 60. a4 Ra3 61. Kc2 a5 62. bxa5 bxa5 63. f5 Rxa4 64. Kd3 Bc5 65. f6 Ra3+ 66. Ke4 Ra4 67. Rg7+ Kb8 68. Nc7 Rxc4+ 69. Kd5 Rf4 70. Na6+ Ka8 71. Nc7+ Kb8 72. Na6+ Ka8 73. Kxc5 Rf5+ 74. Kb6 Rxf6+ 75. Kb5 Rf5+ 76. Kb6 Rf6+ 77. Kb5 Rf5+ 78. Nc5 Kb8 79. Kc6 1-0

[Event "COL-ch U20"]
[Site "Cali"]
[Date "2024.03.01"]
[Round "5"]
[White "Campos Gomez, Manuel"]
[Black "Garzon Camelo, Andres Santiago"]
[Result "1-0"]
[WhiteElo "2281"]
[BlackElo "2081"]
[PlyCount "77"]
[EventDate "2024.02.28"]
[EventType "swiss"]
[EventRounds "9"]
[EventCountry "COL"]
[SourceTitle "CB11_2024"]
[SourceDate "2024.03.13"]
[SourceVersion "1"]
[SourceVersionDate "2024.03.13"]
[SourceQuality "1"]

1. Nf3 Nf6 2. c4 e6 3. g3 d5 4. Bg2 c5 5. 0-0 Be7 6. d4 0-0 7. cxd5 exd5 8. Nc3 h6 9. dxc5 Bxc5 10. Na4 Be7 11. Nd4 Re8 12. Bf4 Bd6 13. Bxd6 Qxd6 14. Rc1 Nc6 15. Nxc6 bxc6 16. Qc2 Ba6 17. Rfe1 Qb4 18. a3 Qd6 19. e3 Rac8 20. Red1 Rc7 21. Rd4 Bc8 22. Nc5 Qe7 23. b4 Ng4 24. Qc3 Qf6 25. Nd3 Bf5 26. Bxd5 Rd8 27. Nf4 Rcd7 28. Bxc6 Rxd4 29. exd4 Rxd4 30. Nd5 Qe5 31. Ne7+ Kh8 32. Nxf5 Rd1+ 33. Kg2 Rxc1 34. Qxc1 Qxf5 35. Qc5 Qc8 36. b5 Qc7 37. a4 Ne5 38. a5 a6 39. Qb6 1-0

[Event "Wch U20 60th"]
[Site "Mexico City"]
[Date "2023.09.28"]
[Round "7"]
[White "Campos Gomez, Manuel"]
[Black "Gonzalez Zharikov, Andrey"]
[Result "1-0"]
[WhiteElo "2287"]
[BlackElo "2019"]
[PlyCount "55"]
[EventDate "2023.09.21"]
[EventType "swiss"]
[EventRounds "11"]
[EventCountry "MEX"]
[SourceTitle "EXT 2024"]
[Source "ChessBase"]
[SourceDate "2023.10.10"]
[SourceVersion "1"]
[SourceVersionDate "2023.10.10"]
[SourceQuality "1"]

1. d4 Nf6 2. c4 e6 3. g3 d5 4. Nf3 Be7 5. Bg2 0-0 6. 0-0 c6 7. b3 b6 8. Qc2 Bb7 9. Bb2 Nbd7 10. Nc3 a5 11. Rfd1 Qc8 12. e4 b5 13. e5 Ne8 14. c5 b4 15. Ne2 Ba6 16. Nf4 a4 17. bxa4 Bc4 18. Nd2 Qa6 19. Nxc4 dxc4 20. Bf1 Qxa4 21. Qxc4 Nc7 22. h4 Rfb8 23. Qb3 Qa5 24. Bh3 Nf8 25. Bg2 Ra6 26. Rdb1 Qa4 27. Qxa4 Rxa4 28. Bxc6 1-0

[Event "Spilimbergo op 21st"]
[Site "Spilimbergo"]
[Date "2023.08.11"]
[Round "4"]
[White "Campos Gomez, Manuel"]
[Black "Arpita, Mukherjee"]
[Result "1/2-1/2"]
[WhiteElo "2307"]
[BlackElo "2111"]
[PlyCount "97"]
[EventDate "2023.08.09"]
[EventType "swiss"]
[EventRounds "9"]
[EventCountry "ITA"]
[SourceTitle "CBM 215 Extra"]
[Source "ChessBase"]
[SourceDate "2023.09.30"]
[SourceVersion "1"]
[SourceVersionDate "2023.09.30"]
[SourceQuality "1"]

1. d4 Nf6 2. c4 g6 3. Nc3 Bg7 4. e4 d6 5. Be2 0-0 6. Nf3 Nbd7 7. 0-0 e5 8. Be3 Qe7 9. Qc2 c6 10. d5 c5 11. Nd2 Kh8 12. a3 Ng8 13. b4 b6 14. f3 f5 15. bxc5 bxc5 16. Nb3 a6 17. Na5 f4 18. Bf2 h5 19. Qa4 g5 20. Nc6 Qf6 21. Qa5 g4 22. fxg4 hxg4 23. Bxg4 Qg5 24. Bf3 Ndf6 25. Nd1 Bg4 26. Qc3 Nh6 27. Be1 Rf7 28. Nf2 Bxf3 29. Qxf3 Qg6 30. h3 Rg8 31. Ba5 Rd7 32. Rfb1 Nh7 33. Rb8 Bf8 34. Kh1 Ng5 35. Qd3 Rh7 36. Rg1 Nhf7 37. Bd8 f3 38. gxf3 Nxh3 39. Rxg6 Nf4+ 40. Kg1 Rxg6+ 41. Kf1 Nxd3 42. Be7 Nxf2 43. Bxf8 Nxe4 44. Bh6+ Rg8 45. Rxg8+ Kxg8 46. Ne7+ Kh8 47. Nc6 Nf2 48. Bf8 Ne4 49. Bh6 1/2-1/2

[Event "Jamundi Fortalece Sede op"]
[Site "Jamundi"]
[Date "2022.12.08"]
[Round "6"]
[White "Malka, Samuel"]
[Black "Campos Gomez, Manuel"]
[Result "1/2-1/2"]
[WhiteElo "2265"]
[BlackElo "2331"]
[PlyCount "60"]
[EventDate "2022.12.05"]
[EventType "swiss"]
[EventRounds "10"]
[EventCountry "COL"]
[SourceTitle "CBM 211 Extra"]
[Source "ChessBase"]
[SourceDate "2023.01.31"]
[SourceVersion "1"]
[SourceVersionDate "2023.01.31"]
[SourceQuality "1"]

1. d4 Nf6 2. c4 b6 3. Nc3 Bb7 4. Qc2 d5 5. Nf3 e6 6. Bg5 Be7 7. e3 0-0 8. Rd1 Nbd7 9. Bd3 h6 10. Bh4 c5 11. cxd5 Nxd5 12. Bxe7 Qxe7 13. Nxd5 Bxd5 14. Bh7+ Kh8 15. Be4 Bxe4 16. Qxe4 c4 17. 0-0 Qb4 18. Rd2 Kg8 19. Rfd1 Qa4 20. Qb1 Nf6 21. b3 cxb3 22. axb3 Qb5 23. Rc1 Nd5 24. Ne5 Nb4 25. Rc7 a5 26. Rd1 Rac8 27. Rdc1 Rxc7 28. Rxc7 Nd5 29. Rc1 Qe2 30. Qc2 Qxc2 1/2-1/2

[Event "Jamundi Fortalece Sede op"]
[Site "Jamundi"]
[Date "2022.12.07"]
[Round "4"]
[White "Avila Pavas, Santiago"]
[Black "Campos Gomez, Manuel"]
[Result "1-0"]
[WhiteElo "2472"]
[BlackElo "2331"]
[PlyCount "153"]
[EventDate "2022.12.05"]
[EventType "swiss"]
[EventRounds "10"]
[EventCountry "COL"]
[SourceTitle "CBM 211 Extra"]
[Source "ChessBase"]
[SourceDate "2023.01.31"]
[SourceVersion "1"]
[SourceVersionDate "2023.01.31"]
[SourceQuality "1"]

1. e4 Nf6 2. e5 Nd5 3. d4 d6 4. c4 Nb6 5. exd6 cxd6 6. Nc3 g6 7. h3 Bg7 8. Nf3 0-0 9. Be2 Nc6 10. 0-0 Bf5 11. d5 Na5 12. Nd4 Naxc4 13. a4 a5 14. Nxf5 gxf5 15. Re1 Rc8 16. Bd3 Qd7 17. Qh5 e6 18. Bh6 Ne5 19. Bb5 Qe7 20. Rad1 Rxc3 21. bxc3 Nxd5 22. c4 Nc3 23. Rc1 Ne4 24. c5 Ng6 25. cxd6 Qxd6 26. Bxg7 Kxg7 27. Red1 Qf4 28. Qe2 Qg5 29. Rc7 Nh4 30. f3 Ng3 31. Qd2 f4 32. Bf1 Kh6 33. Qf2 b6 34. Rdd7 Qg7 35. Qd2 Qf6 36. Qc3 Qg5 37. Qd2 Qf6 38. Rd4 Ng6 39. Rcc4 Nf5 40. Rd3 Qe5 41. Re4 Qc5+ 42. Qf2 Qc1 43. Re1 Qc6 44. Qd2 Qxa4 45. g4 Ne3 46. Rd4 Qc2 47. Rc1 Qxd2 48. Rxd2 Ne5 49. Kf2 Kg5 50. Bb5 Kh4 51. Rd4 Nd5 52. Re1 f6 53. Rc1 Rh8 54. Ba6 Nb4 55. Bb5 Nd5 56. Bd3 Nxd3+ 57. Rxd3 Kg5 58. Re1 Ne3 59. h4+ Kxh4 60. Rd6 b5 61. Rh1+ Kg5 62. Rh5+ Kg6 63. Rxb5 Rc8 64. Rxe6 Rc2+ 65. Ke1 Ng2+ 66. Kd1 Rf2 67. g5 Rf1+ 68. Kd2 Rf2+ 69. Kc1 Rf1+ 70. Kb2 Rf2+ 71. Ka1 Rf1+ 72. Ka2 Rf2+ 73. Ka3 Rxf3+ 74. Ka4 Rg3 75. Rxf6+ Kh5 76. g6+ Kh6 77. Rh5+ 1-0

[Event "Sabaneta op-A 1st"]
[Site "Sabaneta"]
[Date "2022.11.27"]
[Round "3"]
[White "Campos Gomez, Manuel"]
[Black "Zuluaga Mancilla, Cesar"]
[Result "1-0"]
[WhiteElo "2322"]
[BlackElo "2230"]
[PlyCount "117"]
[EventDate "2022.11.25"]
[EventType "swiss"]
[EventRounds "10"]
[EventCountry "COL"]
[SourceTitle "CBM 211 Extra"]
[Source "ChessBase"]
[SourceDate "2023.01.31"]
[SourceVersion "1"]
[SourceVersionDate "2023.01.31"]
[SourceQuality "1"]

1. Nf3 d5 2. g3 c6 3. Bg2 Bg4 4. b3 Nd7 5. Bb2 e6 6. 0-0 Ngf6 7. c4 Bc5 8. Qc2 Bf5 9. d3 h6 10. Nc3 Bh7 11. Rad1 0-0 12. e4 dxe4 13. Nxe4 Be7 14. Rfe1 a5 15. a3 Qb6 16. Bd4 Qc7 17. Qb2 Rfd8 18. Nxf6+ Nxf6 19. Be5 Qb6 20. d4 Rd7 21. Bf4 Rad8 22. c5 Qa6 23. Ne5 Rd5 24. Bc1 b5 25. Qe2 Qb7 26. Bxd5 Rxd5 27. Bf4 Ne4 28. Qf3 Ng5 29. Qg2 Bc2 30. Rd2 Bxb3 31. h4 Nh7 32. Qf3 a4 33. Bxh6 Rxe5 34. dxe5 gxh6 35. Re4 Bd5 36. Rg4+ Kf8 37. Qf4 h5 38. Rg6 b4 39. axb4 a3 40. Rh6 Kg8 41. Rxh7 Kxh7 42. Qxf7+ Kh6 43. g4 hxg4 44. h5 Be4 45. Qf4+ Bg5 46. Qxe4 Kxh5 47. Ra2 Bc1 48. Rc2 Bg5 49. f3 g3 50. Qg4+ Kh6 51. f4 Be7 52. Qxe6+ Kg7 53. f5 Bxc5+ 54. Rxc5 Qxb4 55. f6+ Kg6 56. f7+ Kg7 57. Qf6+ Kf8 58. Qd6+ Kxf7 59. e6+ 1-0